| 000 | 00357nam a2200157 i 4500 | ||
|---|---|---|---|
| 001 | bg | ||
| 245 | 0 | 0 |
_aAparaty telefoniczne : _bkatalog 27-T. |
| 260 |
_aWarszawa : _b"WEMA", _c1971. |
||
| 650 | 9 | _aTelefon | |
| 655 | _aKatalogi | ||
| 040 | _cBPK | ||
| 041 | 0 | _apol | |
| 080 | _a621.395(085) | ||
| 942 | _cKS | ||
| 008 | s pl f |000 0 pol | ||
| 999 |
_c35493 _d35493 |
||
| 856 |
_uhttp://koha.tu.koszalin.pl/cgi-bin/koha/opac-detail.pl?biblionumber=35493 _yKatalog online BPK |
||